| 000 | 00469nam a2200169 a 4500 | ||
|---|---|---|---|
| 001 | 4996 | ||
| 003 | CDMR | ||
| 005 | 20131113153734.0 | ||
| 008 | 130130s2002||||||||||||||||||||||||||||d | ||
| 040 |
_aCDMR _bcat _cCDMR |
||
| 245 | 3 |
_aLa Veu de Montcada i Reixac _b: Llibre d'estil |
|
| 260 |
_aMontcada i Reixac _c2002 _bMontcada Comunicació |
||
| 300 | _a74 p. | ||
| 654 |
_93086 _aPeriodisme _cManuals d'estil |
||
| 654 |
_93158 _aPeriodisme i llenguatge |
||
| 942 |
_cMON _2udc |
||
| 999 |
_c4996 _d4996 |
||